[Event "4NCL Online Division 5"]
[Site "online"]
[Date "2021.11.16"]
[EventDate "2021.11.16"]
[Round "7.181"]
[White "Marshall, Michael"]
[WhiteElo "1903"]
[WhiteTeam "Anglian Avengers 3"]
[Black "Zsibrita, Steve"]
[BlackElo "1496"]
[BlackTeam "Hertford 3"]
[Result "1-0"]
[PlyCount "63"]

1. c4 c6 2. g3 e6 3. Bg2 Nf6 4. Nc3 Bb4 5. e4 O-O 6. e5 Ne8 7. d4 d5 8. cxd5 cxd5 9. Ne2 f6 10. f4 Nc6 11. O-O f5 12. a3 Ba5 13. b4 Bb6 14. Be3 Bd7 15. Nc1 a6 16. Nb3 g6 17. Rb1 Rb8 18. Nc5 Bxc5 19. bxc5 Na5 20. Qc1 Nc4 21. Nxd5 Nxe3 22. Nxe3 Bc6 23. Rd1 Bxg2 24. Kxg2 h5 25. d5 exd5 26. Nxd5 Kg7 27. Rb6 Rf7 28. e6 Re7 29. Nxe7 Qxe7 30. Rd7 Kf8 31. Rxe7 Kxe7 32. Qd2 1-0

[Event "4NCL Online Division 5"]
[Site "online"]
[Date "2021.11.16"]
[EventDate "2021.11.16"]
[Round "7.182"]
[White "Humeniuk, Michael"]
[WhiteElo "1515"]
[WhiteTeam "Hertford 3"]
[Black "Paez, Alonso"]
[BlackElo "1599"]
[BlackTeam "Anglian Avengers 3"]
[Result "0-1"]
[PlyCount "90"]

1. e4 c6 2. Nf3 d5 3. exd5 cxd5 4. d4 Bg4 5. Bb5+ Nc6 6. Nc3 e6 7. O-O a6 8. Bxc6+ bxc6 9. Qd3 Bxf3 10. Qxf3 Bd6 11. Qg4 Qf6 12. Be3 Nh6 13. Qe2 Nf5 14. Rfd1 Qh4 15. g3 Qh3 16. Qf1 Qxf1+ 17. Rxf1 Kd7 18. Ne2 Rab8 19. Rab1 Rb7 20. c3 Rhb8 21. b3 a5 22. Bf4 f6 23. Bxd6 Kxd6 24. Rb2 e5 25. Re1 c5 26. dxc5+ Kxc5 27. f4 e4 28. Kf2 h5 29. Rd1 a4 30. b4+ Kd6 31. a3 Rc8 32. Nd4 Nxd4 33. cxd4 Rc3 34. Ra2 Rbc7 35. Rdd2 Rf3+ 36. Kg2 Rcc3 37. Kg1 Rxa3 38. Rxa3 Rxa3 39. Kf2 Rb3 40. b5 Rxb5 41. Ra2 Rb4 42. Ke3 f5 43. h4 Rb3+ 44. Kf2 a3 45. Kg2 Rb2+ 0-1

[Event "4NCL Online Division 5"]
[Site "online"]
[Date "2021.11.16"]
[EventDate "2021.11.16"]
[Round "7.183"]
[White "Kent, Rowan"]
[WhiteElo "1495"]
[WhiteTeam "Anglian Avengers 3"]
[Black "Lynch, Mark"]
[BlackElo "1419"]
[BlackTeam "Hertford 3"]
[Result "0-1"]
[PlyCount "74"]

1. e4 d6 2. d4 Nf6 3. Nc3 Nbd7 4. Be3 e5 5. Nf3 Be7 6. dxe5 dxe5 7. Bc4 O-O 8. h3 c6 9. a4 Qc7 10. O-O Nc5 11. Nd2 Re8 12. f3 Be6 13. Bxe6 Nxe6 14. Nc4 Red8 15. Qe1 Nd4 16. Qf2 Ne6 17. Rfd1 b6 18. Rxd8+ Rxd8 19. Nxb6 Nd4 20. Nc4 Bb4 21. Ne2 Nxc2 22. Rc1 Nxe3 23. Nxe3 c5 24. Ng4 Nxg4 25. hxg4 Rd2 26. b3 Qd6 27. Qf1 Kf8 28. Ng3 g6 29. Qc4 Qd4+ 30. Qxd4 cxd4 31. Kf1 a5 32. Nh1 Rb2 33. g3 Rxb3 34. Ke2 Re3+ 35. Kf2 Rc3 36. Re1 Rc2+ 37. Re2 d3 0-1

[Event "4NCL Online Division 5"]
[Site "online"]
[Date "2021.11.16"]
[EventDate "2021.11.16"]
[Round "7.184"]
[White "Hurley, James"]
[WhiteElo "1272"]
[WhiteTeam "Hertford 3"]
[Black "Wells, Heather Enid"]
[BlackElo "1239"]
[BlackTeam "Anglian Avengers 3"]
[Result "0-1"]
[PlyCount "62"]

1. e4 c5 2. Bc4 e6 3. Nf3 Nc6 4. O-O Nf6 5. Nc3 d5 6. exd5 Nxd5 7. Re1 Be7 8. d4 O-O 9. dxc5 Bxc5 10. Nxd5 exd5 11. Bxd5 Bg4 12. Qd3 Nb4 13. Qb3 Qxd5 14. Qxd5 Nxd5 15. Ne5 Be6 16. Bf4 Nxf4 17. b3 f6 18. Nc4 Rad8 19. Na5 Rd7 20. Re4 g5 21. g3 Nh3+ 22. Kg2 Bd5 23. Kxh3 Bxe4 24. Nc4 Bxf2 25. Rf1 Bc5 26. c3 Re7 27. b4 Bd3 28. Rf3 Bxc4 29. bxc5 h5 30. Rf2 Kg7 31. Rb2 Bf1+ 0-1

[Event "4NCL Online Division 5"]
[Site "online"]
[Date "2021.11.16"]
[EventDate "2021.11.16"]
[Round "7.191"]
[White "Foreman, Anthony"]
[WhiteElo "1492"]
[WhiteTeam "Catford Cosmonauts 4"]
[Black "Townend, Ron"]
[BlackElo "1541"]
[BlackTeam "War & Piece Banner"]
[Result "1-0"]
[PlyCount "136"]

1. Nf3 d5 2. c4 Nf6 3. cxd5 Nxd5 4. e4 Nb6 5. d4 Bg4 6. Be2 e6 7. O-O Be7 8. a4 O-O 9. a5 N6d7 10. Qb3 b6 11. Bf4 Nf6 12. Nc3 Nc6 13. axb6 cxb6 14. Rfd1 Bxf3 15. Bxf3 Nxd4 16. Rxd4 Qxd4 17. Rd1 Qc5 18. e5 Nd5 19. Nxd5 exd5 20. Bxd5 Rad8 21. e6 fxe6 22. Bxe6+ Kh8 23. Rc1 Qd4 24. g3 Rxf4 25. gxf4 Qxf4 26. Rc3 Bc5 27. Rf3 Qg5+ 28. Rg3 Qc1+ 29. Kg2 Rf8 30. Rf3 Qg5+ 31. Kf1 Qc1+ 32. Kg2 Qg5+ 33. Kf1 Qe7 34. Rf7 Rxf7 35. Bxf7 Qf8 36. Qc4 Qb8 37. Qe6 Qd6 38. Qe8+ Qf8 39. Qe6 a5 40. b3 Qd8 41. Kg2 Qe7 42. Qc8+ Qf8 43. Qe6 Qe7 44. Qc8+ Qf8 45. Qe6 Qd8 46. h3 Qg5+ 47. Kf1 Qd8 48. Kg2 Bf8 49. Qe8 Qxe8 50. Bxe8 Kg8 51. f3 Bc5 52. Kg3 Kf8 53. Bc6 Ke7 54. Kf4 Kf6 55. Be4 g5+ 56. Kg3 h6 57. h4 gxh4+ 58. Kxh4 Ke5 59. Kh5 Be3 60. Kg4 Bd2 61. Bd3 Bf4 62. Be4 b5 63. Bc6 a4 64. bxa4 b4 65. Be4 b3 66. a5 b2 67. a6 Be3 68. Kg3 Kd6 1-0

[Event "4NCL Online Division 5"]
[Site "online"]
[Date "2021.11.16"]
[EventDate "2021.11.16"]
[Round "7.192"]
[White "Thomas, Jacob"]
[WhiteElo "1481"]
[WhiteTeam "War & Piece Banner"]
[Black "Barber, James R"]
[BlackElo "1388"]
[BlackTeam "Catford Cosmonauts 4"]
[Result "1/2-1/2"]
[PlyCount "31"]

1. e4 e6 2. d4 d5 3. exd5 exd5 4. Nf3 Bd6 5. Bg5 Nf6 6. Nc3 c6 7. Bd3 O-O 8. O-O h6 9. Bh4 a6 10. a4 Re8 11. Qd2 Be6 12. Rfe1 Nbd7 13. Ne5 Qb6 14. Nf3 Nh5 15. a5 Qc7 16. Ne2 1/2-1/2

[Event "4NCL Online Division 5"]
[Site "online"]
[Date "2021.11.16"]
[EventDate "2021.11.16"]
[Round "7.193"]
[White "Hunt, Iain"]
[WhiteElo "1238"]
[WhiteTeam "Catford Cosmonauts 4"]
[Black "Bailey, Duncan"]
[BlackElo "1389"]
[BlackTeam "War & Piece Banner"]
[Result "0-1"]
[PlyCount "68"]

1. d4 f5 2. Nf3 Nf6 3. g3 g6 4. Bg2 Bg7 5. O-O O-O 6. c4 c6 7. Nbd2 d6 8. Rb1 a5 9. Ne1 Qb6 10. Ndf3 Be6 11. Qc2 Na6 12. Nd3 Ne4 13. Be3 Qc7 14. Bf4 Nb4 15. Nxb4 axb4 16. c5 Bxa2 17. Ra1 Bd5 18. cxd6 exd6 19. Ra4 b3 20. Qd3 Rxa4 21. Re1 Bc4 22. Qd1 Rfa8 23. Qc1 Bxe2 24. Qe3 Bc4 25. h4 Ra1 26. Kh2 R8a2 27. Nd2 Rxe1 28. Qxe1 Nxd2 29. Qxd2 Qe7 30. Qb4 b5 31. Bxd6 Qe6 32. Bc5 Rxb2 33. Qa5 Re2 34. Qa8+ Qe8 0-1

[Event "4NCL Online Division 5"]
[Site "online"]
[Date "2021.11.16"]
[EventDate "2021.11.16"]
[Round "7.194"]
[White "O'Neill, Stephen G"]
[WhiteElo "1385"]
[WhiteTeam "War & Piece Banner"]
[Black "Hillier, Stanley"]
[BlackElo "1175"]
[BlackTeam "Catford Cosmonauts 4"]
[Result "1-0"]
[PlyCount "137"]

1. Nf3 d5 2. d4 Nf6 3. Bf4 e6 4. e3 c5 5. c4 cxd4 6. Nxd4 Nbd7 7. Qa4 Qb6 8. b3 Bb4+ 9. Nd2 O-O 10. Nc2 Bxd2+ 11. Kxd2 Ne4+ 12. Ke1 dxc4 13. Bxc4 e5 14. Bg3 Nxg3 15. hxg3 Nc5 16. Qb4 Be6 17. Qxb6 axb6 18. Bxe6 Nxe6 19. Ke2 Rac8 20. Rac1 Rfd8 21. Nb4 Rxc1 22. Rxc1 f5 23. Rd1 Rxd1 24. Kxd1 f4 25. Nd5 fxe3 26. Nxe3 Kf7 27. Nc4 b5 28. Nxe5+ Kf6 29. Nd7+ Ke7 30. Ne5 Ng5 31. f3 Kf6 32. Nd7+ Kf5 33. Nc5 b6 34. Nd7 h5 35. Nxb6 Ke5 36. a4 bxa4 37. bxa4 Kd6 38. Kc2 Kc5 39. a5 Kb5 40. Nc4 Ka6 41. Kb3 Kb5 42. Nd6+ Kxa5 43. Nf5 g6 44. Ne7 Kb5 45. Nxg6 Kc5 46. Kc3 Kd5 47. Nf4+ Ke5 48. Nxh5 Kf5 49. Ng7+ Kf6 50. Ne8+ Kf7 51. Nd6+ Kf6 52. Ne4+ Nxe4+ 53. fxe4 Ke5 54. Kd3 Ke6 55. Kd4 Kf6 56. Kd5 Ke7 57. Ke5 Kf7 58. Kd6 Kf6 59. e5+ Kf7 60. Kd7 Kg7 61. e6 Kf8 62. e7+ Kf7 63. e8=Q+ Kf6 64. Qe6+ Kg5 65. Qf7 Kh6 66. Qg8 Kh5 67. Ke6 Kh6 68. Kf6 Kh5 69. Qg5# 1-0

[Event "4NCL Online Division 5"]
[Site "online"]
[Date "2021.11.16"]
[EventDate "2021.11.16"]
[Round "7.201"]
[White "Ash, Thomas"]
[WhiteElo "1700"]
[WhiteTeam "Downend 2"]
[Black "Adhikari, Aanya"]
[BlackElo "1169"]
[BlackTeam "Crowthorne 2"]
[Result "1-0"]
[PlyCount "67"]

1. c4 e5 2. Nc3 Nc6 3. g3 Nf6 4. Bg2 Bc5 5. e3 d6 6. Nge2 Be6 7. d4 exd4 8. exd4 Bb4 9. d5 Bxc3+ 10. Nxc3 Bg4 11. Qa4 Qe7+ 12. Be3 O-O 13. dxc6 bxc6 14. O-O c5 15. Bxa8 Rxa8 16. Qc6 Rc8 17. Rae1 Bd7 18. Nd5 Nxd5 19. Qxd5 Be6 20. Qe4 Re8 21. Bd2 Qf6 22. Bc3 Qe7 23. f4 f5 24. Qc6 Qd8 25. b3 Bd7 26. Rxe8+ Qxe8 27. Qd5+ Be6 28. Qb7 Bc8 29. Qxc7 Qd7 30. Qxd7 Bxd7 31. Re1 a6 32. Re7 Bc6 33. Rxg7+ Kf8 34. Rxh7 1-0

[Event "4NCL Online Division 5"]
[Site "online"]
[Date "2021.11.16"]
[EventDate "2021.11.16"]
[Round "7.202"]
[White "McKean, Matthew"]
[WhiteElo "1000"]
[WhiteTeam "Crowthorne 2"]
[Black "Morris, Mark"]
[BlackElo "1700"]
[BlackTeam "Downend 2"]
[Result "0-1"]
[PlyCount "98"]

1. c4 Nf6 2. Nc3 g6 3. g3 Bg7 4. Bg2 O-O 5. e4 d6 6. Nge2 c5 7. O-O Nc6 8. d3 a6 9. h3 Nd7 10. Be3 Rb8 11. Qd2 b5 12. Rab1 Nd4 13. Bxd4 cxd4 14. Nd5 e6 15. Nb4 Qb6 16. cxb5 Qxb5 17. Nc2 Nc5 18. Rfd1 Qa4 19. Na3 a5 20. Nc1 Ba6 21. Bf1 Rb4 22. Nc2 Rb7 23. b3 Qb5 24. Na3 Qb6 25. Bg2 Rfb8 26. e5 Rc7 27. exd6 Qxd6 28. Qxa5 Nb7 29. Nb5 Bxb5 30. Qxb5 Rc5 31. Qa4 Qc7 32. Qa3 Rc2 33. Bf3 Nd6 34. Ne2 Nb5 35. Qa6 Nc3 36. Nxc3 dxc3 37. Rdc1 Rxc1+ 38. Rxc1 Qe5 39. Qc4 h5 40. b4 Qg5 41. Rc2 Rd8 42. h4 Qf5 43. Be4 Qg4 44. a4 Qd1+ 45. Kg2 Qxc2 46. b5 Bd4 47. Kh3 Qxf2 48. Bg2 Be5 49. Qxe6 Qxg3# 0-1

[Event "4NCL Online Division 5"]
[Site "online"]
[Date "2021.11.16"]
[EventDate "2021.11.16"]
[Round "7.203"]
[White "Walsh, Shaun"]
[WhiteElo "1412"]
[WhiteTeam "Downend 2"]
[Black "Coates, Benjamin"]
[BlackElo "1000"]
[BlackTeam "Crowthorne 2"]
[Result "1-0"]
[PlyCount "81"]

1. e4 e6 2. d4 d5 3. Nd2 dxe4 4. Nxe4 Nd7 5. Nf3 Ne7 6. Be2 b6 7. O-O Nf5 8. d5 e5 9. Bb5 Bd6 10. Bc6 Rb8 11. c4 O-O 12. Re1 Ne7 13. Ba4 Nc5 14. Nxc5 bxc5 15. Nxe5 f6 16. Nd3 Ng6 17. Bc2 f5 18. b3 f4 19. f3 Qg5 20. Kh1 Nh4 21. Qe2 Ng6 22. Ba3 h5 23. Bxc5 h4 24. Bxa7 h3 25. Bxb8 Nh4 26. Rg1 Qh5 27. Ba7 Nf5 28. Bf2 Ng3+ 29. Bxg3 fxg3 30. a4 hxg2+ 31. Rxg2 Bh3 32. hxg3 Rf6 33. Rh2 Bxg3 34. Rxh3 Qxh3+ 35. Kg1 Bh2+ 36. Kf2 c6 37. Ke3 cxd5 38. cxd5 Qh6+ 39. Kd4 Bb8 40. Qe8+ Rf8 41. Qe6+ 1-0

[Event "4NCL Online Division 5"]
[Site "online"]
[Date "2021.11.16"]
[EventDate "2021.11.16"]
[Round "7.204"]
[White "Das, Arjit"]
[WhiteElo "1090"]
[WhiteTeam "Crowthorne 2"]
[Black "Bleeg, Elliott"]
[BlackElo "1314"]
[BlackTeam "Downend 2"]
[Result "0-1"]
[PlyCount "108"]

1. e4 e5 2. Nf3 Nc6 3. Nc3 Nf6 4. Bc4 Be7 5. O-O O-O 6. Bb5 d6 7. Bxc6 bxc6 8. d3 Be6 9. Ng5 Bg4 10. Qd2 Nd7 11. Qe3 h6 12. Nf3 Re8 13. d4 Bxf3 14. Qxf3 exd4 15. Nb1 Ne5 16. Qb3 Rb8 17. Qa3 d5 18. Qxa7 dxe4 19. c3 dxc3 20. Nxc3 f5 21. Bf4 Bd6 22. Bxe5 Bxe5 23. Qa4 Rxb2 24. Qc4+ Kh8 25. Qxc6 Rc2 26. Rac1 Rxc1 27. Rxc1 Qa8 28. Qxa8 Rxa8 29. g3 Bxc3 30. Rxc3 Rxa2 31. Rxc7 Ra1+ 32. Kg2 Re1 33. Rc8+ Kh7 34. Rf8 Kg6 35. Re8 Kf7 36. Re5 Kf6 37. Re8 Kg5 38. f3 exf3+ 39. Kxf3 Rxe8 40. h4+ Kg6 41. Kf4 Re4+ 42. Kf3 Kh5 43. g4+ Rxg4 44. Kf2 Kxh4 45. Kf3 Rg3+ 46. Kf4 g5+ 47. Kxf5 g4 48. Kg6 Rf3 49. Kxh6 g3 50. Kg6 g2 51. Kg7 g1=Q+ 52. Kh8 Rf8+ 53. Kh7 Qg8+ 54. Kh6 Rf6# 0-1

[Event "4NCL Online Division 5"]
[Site "online"]
[Date "2021.11.16"]
[EventDate "2021.11.16"]
[Round "7.211"]
[White "Nancarrow, Richard"]
[WhiteElo "1499"]
[WhiteTeam "Manaccan Maulers"]
[Black "Le Fevre, Stephen D"]
[BlackElo "1388"]
[BlackTeam "Wessex Some Stars H"]
[Result "0-1"]
[PlyCount "76"]

1. d4 Nf6 2. Bf4 d5 3. e3 e6 4. Bd3 c5 5. c3 cxd4 6. cxd4 Bb4+ 7. Nc3 Qa5 8. Ne2 Nh5 9. Bg3 Nxg3 10. fxg3 a6 11. O-O Nd7 12. Qa4 Qxa4 13. Nxa4 b5 14. Nac3 Nb6 15. a3 Bxc3 16. bxc3 O-O 17. e4 Bd7 18. exd5 exd5 19. Bf5 Rfe8 20. Ra2 Bxf5 21. Rxf5 Re3 22. Rf3 Re7 23. Kf2 Rc8 24. Re3 Rec7 25. Re5 g6 26. h4 Rd8 27. h5 Nc4 28. Rg5 h6 29. hxg6 hxg5 30. gxf7+ Kxf7 31. Ra1 Kg6 32. a4 Rf8+ 33. Kg1 Re7 34. axb5 axb5 35. Ra6+ Rf6 36. Rxf6+ Kxf6 37. Kf2 Ne3 38. Nc1 Nd1+ 0-1

[Event "4NCL Online Division 5"]
[Site "online"]
[Date "2021.11.16"]
[EventDate "2021.11.16"]
[Round "7.213"]
[White "Doubleday, Peter"]
[WhiteElo "1402"]
[WhiteTeam "Manaccan Maulers"]
[Black "Cuthbert, Larissa"]
[BlackElo "1349"]
[BlackTeam "Wessex Some Stars H"]
[Result "1-0"]
[PlyCount "79"]

1. e4 e6 2. Qe2 Nf6 3. Nc3 Nc6 4. Nf3 Be7 5. d4 d5 6. e5 Nd7 7. g3 f6 8. exf6 Bxf6 9. Qxe6+ Ne7 10. Nxd5 Ne5 11. Nxf6+ gxf6 12. Qb3 Be6 13. Qa3 Nxf3+ 14. Qxf3 Bd5 15. Qh5+ Bf7 16. Qh3 Ng6 17. Be3 Bxa2 18. b3 Qd5 19. Bg2 Qa5+ 20. Bd2 Qa6 21. Bc3 O-O 22. Bf1 Qc6 23. Bc4+ Kg7 24. O-O Bxb3 25. cxb3 Qf3 26. Bd2 f5 27. Qg2 Qg4 28. f4 Qh5 29. Rae1 Rf6 30. Bc3 Nh4 31. Qf2 Rh6 32. d5+ Kg6 33. Re6+ Kf7 34. Rxh6 Qxh6 35. d6+ Ke8 36. dxc7 Ng6 37. Qe2+ Kd7 38. Qe6+ Kxc7 39. Be5+ Kd8 40. Rd1# 1-0

[Event "4NCL Online Division 5"]
[Site "online"]
[Date "2021.11.16"]
[EventDate "2021.11.16"]
[Round "7.214"]
[White "Wright, George A"]
[WhiteElo "1108"]
[WhiteTeam "Wessex Some Stars H"]
[Black "James, John"]
[BlackElo "1248"]
[BlackTeam "Manaccan Maulers"]
[Result "1-0"]
[PlyCount "87"]

1. b3 e5 2. Bb2 Nc6 3. e3 d5 4. Bb5 Bd6 5. c4 dxc4 6. Bxc4 Nge7 7. Nf3 O-O 8. a3 Bg4 9. h3 Bxf3 10. Qxf3 a6 11. b4 Qe8 12. Nc3 Kh8 13. Ne4 Ng6 14. Ng5 Kg8 15. Nxh7 Kxh7 16. Qh5+ Kg8 17. Qxg6 Ne7 18. Qg4 b5 19. Bb3 c6 20. Qh4 Nd5 21. e4 Nf4 22. Qg3 a5 23. Qc3 a4 24. Ba2 Rc8 25. d4 exd4 26. Qg3 Be5 27. Rd1 Rd8 28. Bxd4 Bxd4 29. Qxf4 Be5 30. Rxd8 Bxf4 31. Rxe8 Rxe8 32. f3 Be5 33. Ke2 Rd8 34. Rc1 Bb2 35. Rxc6 Bxa3 36. Rc7 Rf8 37. Rb7 Bxb4 38. Rxb5 Bd6 39. h4 Ra8 40. h5 a3 41. Rb7 Bg3 42. Rxf7 Rb8 43. Rb7+ Kh7 44. Rxb8 1-0

[Event "4NCL Online Division 5"]
[Site "online"]
[Date "2021.11.16"]
[EventDate "2021.11.16"]
[Round "7.221"]
[White "Vernon, Colin G"]
[WhiteElo "1644"]
[WhiteTeam "Wolfpack 2"]
[Black "Blinkhorn, Joshua"]
[BlackElo "1571"]
[BlackTeam "Hebden Bridge 3"]
[Result "1-0"]
[PlyCount "65"]

1. e4 e5 2. Nf3 Nc6 3. d4 exd4 4. Nxd4 Nf6 5. Nc3 Bb4 6. Bg5 Qe7 7. f3 d5 8. Bb5 Bd7 9. O-O Qc5 10. Bxf6 gxf6 11. Nxd5 O-O-O 12. c3 Nxd4 13. Bxd7+ Rxd7 14. cxd4 Qd6 15. a3 Ba5 16. b4 Bb6 17. Rc1 a6 18. a4 Ba7 19. b5 a5 20. Qd3 Kb8 21. Rc4 c6 22. bxc6 bxc6 23. Rb1+ Ka8 24. Nb6+ Bxb6 25. Rxb6 Rb7 26. Rbxc6 Qb8 27. Qc3 Rb1+ 28. Kf2 Rb2+ 29. Ke1 Rb1+ 30. Kd2 Qf4+ 31. Kd3 Rd1+ 32. Ke2 Qg5 33. Rc8+ 1-0

[Event "4NCL Online Division 5"]
[Site "online"]
[Date "2021.11.16"]
[EventDate "2021.11.16"]
[Round "7.222"]
[White "Marsden, Christopher"]
[WhiteElo "1599"]
[WhiteTeam "Hebden Bridge 3"]
[Black "Braithwaite, Paul"]
[BlackElo "1199"]
[BlackTeam "Wolfpack 2"]
[Result "1-0"]
[PlyCount "104"]

1. e4 e5 2. Nf3 Nc6 3. d4 exd4 4. Nxd4 Bc5 5. Nf5 Qf6 6. Be3 Bxe3 7. Nxe3 Nge7 8. Nc3 O-O 9. Bd3 Nb4 10. Bc4 d6 11. a3 Nbc6 12. Ncd5 Nxd5 13. Nxd5 Qd8 14. O-O Be6 15. f4 Bxd5 16. Bxd5 Rb8 17. Qg4 Ne7 18. Bb3 Qc8 19. Qg3 Nc6 20. c3 Na5 21. Ba2 Re8 22. Rae1 b5 23. b4 Nc4 24. Bxc4 bxc4 25. f5 f6 26. Qe3 Qb7 27. Rf4 Qb6 28. g4 Qxe3+ 29. Rxe3 Re7 30. Kf2 Rbe8 31. Kf3 d5 32. h4 dxe4+ 33. Rfxe4 Kf7 34. Rxe7+ Rxe7 35. Rxe7+ Kxe7 36. Ke4 Kd6 37. Kd4 Kc6 38. Kxc4 Kd6 39. Kd4 Kc6 40. c4 Kd6 41. a4 h6 42. c5+ Kc6 43. b5+ Kd7 44. Kd5 Ke7 45. a5 Kd7 46. a6 Ke7 47. Kc6 Kd8 48. Kb7 Kd7 49. c6+ Kd6 50. Kxa7 Kc5 51. Kb7 Kxb5 52. a7 Ka5 1-0

[Event "4NCL Online Division 5"]
[Site "online"]
[Date "2021.11.16"]
[EventDate "2021.11.16"]
[Round "7.223"]
[White "Mahadevan, Rohit"]
[WhiteElo "1130"]
[WhiteTeam "Wolfpack 2"]
[Black "Catlow, Robert"]
[BlackElo "1411"]
[BlackTeam "Hebden Bridge 3"]
[Result "0-1"]
[PlyCount "70"]

1. d4 f5 2. Bf4 Nf6 3. Nf3 e6 4. c4 Bb4+ 5. Nbd2 Nc6 6. a3 Bxd2+ 7. Qxd2 Nh5 8. Bg5 Nf6 9. e3 O-O 10. Ne5 Qe8 11. Nxc6 bxc6 12. Bf4 d6 13. Bd3 e5 14. dxe5 dxe5 15. Bg3 Nh5 16. O-O-O Qe6 17. Qe2 Nf6 18. f4 e4 19. Bc2 Ba6 20. Bb3 Rab8 21. Qc2 Nd7 22. Rd4 Nc5 23. Ba4 Nd3+ 24. Kd1 Rxb2 25. Qc3 Rb1+ 26. Kd2 Rxh1 27. Bb3 Rb8 28. Rd8+ Rxd8 29. c5 Nxc5+ 30. Kc2 Nxb3 31. Qxb3 Rc1+ 32. Kb2 Qxb3+ 33. Kxb3 Rb8+ 34. Ka4 Rb5 35. Bh4 Rc4# 0-1

[Event "4NCL Online Division 5"]
[Site "online"]
[Date "2021.11.16"]
[EventDate "2021.11.16"]
[Round "7.224"]
[White "Sullivan, Terry"]
[WhiteElo "1400"]
[WhiteTeam "Hebden Bridge 3"]
[Black "Smith, Henry"]
[BlackElo "986"]
[BlackTeam "Wolfpack 2"]
[Result "1/2-1/2"]
[PlyCount "68"]

1. d4 Nf6 2. Nf3 d5 3. e3 Bg4 4. Be2 c5 5. dxc5 e6 6. b4 Nc6 7. Bb5 a5 8. c3 Be7 9. h3 Bxf3 10. Qxf3 O-O 11. Nd2 axb4 12. Bxc6 bxc3 13. Bxb7 cxd2+ 14. Bxd2 Rb8 15. c6 Ne4 16. Qe2 Nc5 17. Rb1 Qc7 18. Qb5 Qe5 19. Ba5 d4 20. O-O Bd6 21. g3 dxe3 22. f4 Qh5 23. Rfd1 Qxh3 24. Qf1 Qxg3+ 25. Qg2 Qxf4 26. Rb4 e2 27. Qxe2 Qg3+ 28. Qg2 Qe3+ 29. Qf2 Bh2+ 30. Kf1 Qh3+ 31. Qg2 Qf5+ 32. Qf2 Qh3+ 33. Qg2 Qf5+ 34. Qf2 Qh3+ 1/2-1/2

[Event "4NCL Online Division 5"]
[Site "online"]
[Date "2021.11.16"]
[EventDate "2021.11.16"]
[Round "7.231"]
[White "Laddhad, Laksh"]
[WhiteElo "1308"]
[WhiteTeam "Harrow 4"]
[Black "Shrestha, Unnabh"]
[BlackElo "1439"]
[BlackTeam "East Kilbride Rovers"]
[Result "0-1"]
[PlyCount "52"]

1. e4 c6 2. d4 d5 3. e5 Bf5 4. Nf3 e6 5. a3 Ne7 6. Bd3 Bxd3 7. cxd3 Nd7 8. Nbd2 c5 9. Nb3 Nc6 10. dxc5 Nxc5 11. Nxc5 Bxc5 12. d4 Be7 13. O-O O-O 14. b4 Qb6 15. Be3 a5 16. bxa5 Rxa5 17. Qd3 Qa6 18. Qxa6 Rxa6 19. Rfb1 Rb8 20. a4 b6 21. g3 Rba8 22. Rc1 b5 23. a5 h6 24. Nd2 Nxa5 25. Rc7 Bf8 26. Rb1 b4 0-1

[Event "4NCL Online Division 5"]
[Site "online"]
[Date "2021.11.16"]
[EventDate "2021.11.16"]
[Round "7.232"]
[White "Smith, Bob"]
[WhiteElo "1429"]
[WhiteTeam "East Kilbride Rovers"]
[Black "Evans, Joseph"]
[BlackElo "956"]
[BlackTeam "Harrow 4"]
[Result "1-0"]
[PlyCount "147"]

1. b3 Nf6 2. Bb2 e6 3. g3 g6 4. Bg2 Bg7 5. d3 O-O 6. Nd2 Nc6 7. e3 Re8 8. Ne2 b6 9. a3 Bb7 10. O-O Rb8 11. c4 d5 12. Qc2 dxc4 13. bxc4 Na5 14. Nf3 Qd6 15. Rfd1 Qc5 16. Rac1 Red8 17. Nf4 b5 18. cxb5 Qxc2 19. Rxc2 c6 20. bxc6 Bxc6 21. Bxf6 Bxf6 22. Rc5 Ba4 23. Re1 Nb3 24. Rc7 a5 25. d4 Rbc8 26. Rxc8 Rxc8 27. Nd3 Rc2 28. Nfe5 Bxe5 29. Nxe5 Nd2 30. Nf3 Bc6 31. Nxd2 Bxg2 32. Kxg2 Rxd2 33. Ra1 Kg7 34. h4 h5 35. Kf1 Kf6 36. Ke1 Rb2 37. e4 e5 38. d5 Rb8 39. Ra2 g5 40. hxg5+ Kxg5 41. Ke2 f5 42. f3 fxe4 43. fxe4 Kg4 44. d6 Rd8 45. Rd2 Kxg3 46. Rd5 h4 47. Kf1 h3 48. Kg1 Rg8 49. Kh1 h2 50. d7 Kh3 51. Rd3+ Kg4 52. d8=Q Rxd8 53. Rxd8 Kf4 54. Kxh2 Kxe4 55. Ra8 Kf3 56. Rxa5 e4 57. Re5 Kf4 58. Re8 Kf3 59. a4 e3 60. a5 e2 61. Rxe2 Kxe2 62. a6 Ke3 63. a7 Kd4 64. a8=Q Kc5 65. Kg3 Kd4 66. Qa5 Ke4 67. Qc5 Kd3 68. Kf3 Kd2 69. Qc4 Kd1 70. Qe2+ Kc1 71. Ke3 Kb1 72. Kd3 Ka1 73. Kc3 Kb1 74. Qb2# 1-0

[Event "4NCL Online Division 5"]
[Site "online"]
[Date "2021.11.16"]
[EventDate "2021.11.16"]
[Round "7.233"]
[White "Horwood, Alexander"]
[WhiteElo "939"]
[WhiteTeam "Harrow 4"]
[Black "Dunn, Jeff"]
[BlackElo "1355"]
[BlackTeam "East Kilbride Rovers"]
[Result "0-1"]
[PlyCount "42"]

1. e4 e6 2. d3 d5 3. Nc3 Nf6 4. Bg5 Be7 5. d4 c5 6. Bxf6 gxf6 7. Nf3 Nc6 8. exd5 exd5 9. Qd3 Be6 10. O-O-O c4 11. Qd2 a6 12. Bxc4 b5 13. Be2 Na5 14. a4 Nc4 15. Bxc4 bxc4 16. Rhe1 Rb8 17. Qh6 Kd7 18. Qf4 Qb6 19. b3 cxb3 20. cxb3 Qxb3 21. Qe3 Qb2# 0-1

[Event "4NCL Online Division 5"]
[Site "online"]
[Date "2021.11.16"]
[EventDate "2021.11.16"]
[Round "7.234"]
[White "Peakman, Jonlee"]
[WhiteElo "1261"]
[WhiteTeam "East Kilbride Rovers"]
[Black "Wang, Xiling"]
[BlackElo "917"]
[BlackTeam "Harrow 4"]
[Result "1-0"]
[PlyCount "67"]

1. d4 d5 2. c4 Nf6 3. cxd5 Nxd5 4. e4 Nb6 5. Nf3 Nc6 6. Bd3 Bg4 7. Be3 e5 8. d5 Nd4 9. Bxd4 exd4 10. Bb5+ Bd7 11. Bxd7+ Qxd7 12. Qxd4 O-O-O 13. Nc3 c5 14. Qd2 Nc4 15. Qe2 b5 16. O-O Re8 17. a4 a6 18. axb5 axb5 19. b3 b4 20. Qxc4 bxc3 21. Qxc3 Rxe4 22. Ra8+ Kb7 23. Qa5 Qxd5 24. Qa7+ Kc6 25. Rc8+ Kd6 26. Rd8+ Ke6 27. Rxd5 Kxd5 28. Rd1+ Ke6 29. Ng5+ Ke5 30. Nxe4 Kxe4 31. f3+ Ke3 32. Qxf7 Ke2 33. Qd5 g6 34. Qd2# 1-0

[Event "4NCL Online Division 5"]
[Site "online"]
[Date "2021.11.16"]
[EventDate "2021.11.16"]
[Round "7.241"]
[White "Tzanidakis, Michail"]
[WhiteElo "1734"]
[WhiteTeam "Guildford Castles 3"]
[Black "Rasalingam, Rishi"]
[BlackElo "1167"]
[BlackTeam "Barnet Knights D"]
[Result "1-0"]
[PlyCount "69"]

1. e4 c5 2. Nf3 Nc6 3. d4 cxd4 4. Nxd4 d6 5. Nc3 g6 6. Be3 Bg7 7. Bc4 Bd7 8. Qd2 Nf6 9. f3 O-O 10. O-O-O Re8 11. Nde2 Kh8 12. Bh6 Ne5 13. Bb3 Rc8 14. h4 Nc4 15. Bxc4 Rxc4 16. g4 Qc7 17. Bxg7+ Kxg7 18. e5 Ng8 19. exd6 Qc6 20. dxe7 Rxe7 21. b3 Rc5 22. Ne4 Rce5 23. g5 Bf5 24. Nd4 Qa6 25. Nxf5+ Rxf5 26. Qc3+ f6 27. gxf6+ Nxf6 28. Rd6 Qa3+ 29. Kb1 Rf7 30. Rhd1 Qa5 31. Rxf6 R7xf6 32. Rd7+ Kh6 33. Nxf6 g5 34. Rxh7+ Kg6 35. h5# 1-0

[Event "4NCL Online Division 5"]
[Site "online"]
[Date "2021.11.16"]
[EventDate "2021.11.16"]
[Round "7.242"]
[White "Rowland, Benjamin"]
[WhiteElo "1108"]
[WhiteTeam "Barnet Knights D"]
[Black "Garrood, Anthony"]
[BlackElo "1518"]
[BlackTeam "Guildford Castles 3"]
[Result "0-1"]
[PlyCount "49"]

1. d4 Nf6 2. Bg5 d5 3. Bxf6 gxf6 4. Nf3 h5 5. e3 Bf5 6. Bd3 Qd7 7. Nc3 a6 8. Qd2 Nc6 9. h3 O-O-O 10. O-O-O e5 11. Bxf5 Qxf5 12. dxe5 d4 13. exd4 Bh6 14. Qxh6 Rxh6 15. Rhe1 fxe5 16. dxe5 Rxd1+ 17. Kxd1 Qd7+ 18. Kc1 Re6 19. Ne4 b6 20. Nf6 Qe7 21. Nxh5 Nxe5 22. Nf4 Nxf3 23. Rxe6 fxe6 24. gxf3 Qf6 25. Nd3 0-1